00880nam a2200193 i 450000100060000000300090000600500170001500700030003200800410003510000460007624501310012226000740025330000320032750000800035971000790043985200310051899900170054995201200056623718ES-MaACL20250927063033.0t|021212s1947 sp ||||1| spa d1 aAmengual, Bartolomé, d1866-196192119714aLas enseñanzas mercantiles b: trabajos en pro de su enaltecimiento, mejora y mayor difusión / cpor Bartolomé Amengual. aBarcelona : b[s.n., c1947] (fSociedad Alianza de Artes Gráficas) a250 p., 6 lám. ; c20 cm. aPrecede a tít.: Cámara Oficial de Comercio y Navegación de Barcelona.2 aCámara Oficial de Comercio, Industria y Navegación de Barcelona.92390 aES-MaACLjC-4821 bR.25370 c23718d23718 00104070aATENEOMbATENEOMcSPALd2008-01-17eSCl0oC-4821p1024442r2023-02-23 00:00:00w2023-02-23yMONOGRAFIA